[Event "AUTO-ADV-2750"]
[Site "http://www.queenalice.com/game.php?id=1191846"]
[Date "2013.6.17"]
[Round "2"]
[White "chicobarretov"]
[Black "szachista92"]
[Result "0-1"]
[WhiteElo "1921"]
[BlackElo "2182"]

1. e4 e5 2. Nf3 Nf6 3. Nc3 Nc6 4. Bc4 Bb4 5. Nd5 Nxd5 6. Bxd5 d6 7. c3 Ba5 8. d3
Ne7 9. Bb3 Bg4 10. Bg5 h6 11. Bh4 Qd7 12. Bxe7 Qxe7 13. h3 Bd7 14. O-O O-O-O 15.
Bc4 g5 16. d4 g4 17. Nh2 h5 18. Be2 gxh3 19. g3 f5 20. exf5 Bxf5 21. Bxh5 exd4
22. Bg4 Bd7 23. Qxd4 Bb6 24. Qd2 Qe4 25. Bf3 Qe5 26. Rfe1 Qxg3+ 27. Kh1 Qxf2 28.
Qxf2 Bxf2 29. Re2 Bg3 30. Ng4 Rdf8 31. Re3 Rxf3 32. Rxf3 Bc6 33. Rf1 Rf8 34. Nh2
Bxh2 35. Kxh2 Bxf3 36. Rf2 Rf7 37. Kg3 h2 38. Kxh2 Bd5 39. Re2 Kd7 40. Kg3 Bxa2
0-1

[Event "AUTO-ADV-2750"]
[Site "http://www.queenalice.com/game.php?id=1191849"]
[Date "2013.6.17"]
[Round "2"]
[White "Dcar"]
[Black "chicobarretov"]
[Result "1-0"]
[WhiteElo "1893"]
[BlackElo "1948"]

1. Nf3 d5 2. d4 Nc6 3. g3 Bf5 4. Bg2 Be4 5. O-O Nf6 6. Nc3 Bf5 7. Nh4 Be6 8. Na4
b6 9. b3 Qd7 10. a3 g6 11. b4 Bg7 12. Nb2 b5 13. c3 O-O 14. a4 Ne4 15. axb5 Nd8
16. Bxe4 dxe4 17. Ra5 Nb7 18. Ra1 Qxb5 19. Qc2 f5 20. Ng2 Nd6 21. Nf4 Bf7 22.
Ra5 Qb7 23. e3 g5 24. Nh3 h6 25. Qe2 Be6 26. Rd1 a6 27. d5 Bd7 28. Bd2 e6 29.
dxe6 Bxe6 30. Rc1 Rfd8 31. Be1 Nb5 32. c4 Bxb2 33. Qxb2 Nd6 34. Qf6 Bxc4 35.
Qg6+ Kf8 36. Qxh6+ Ke8 37. Re5+ Kd7 38. Rxc4 Nxc4 39. Qe6# 1-0

[Event "AUTO-ADV-2750"]
[Site "http://www.queenalice.com/game.php?id=1191850"]
[Date "2013.6.17"]
[Round "2"]
[White "chicobarretov"]
[Black "Dcar"]
[Result "1-0"]
[WhiteElo "1910"]
[BlackElo "1916"]

1. e4 Nc6 2. Bb5 a6 3. Bxc6 bxc6 4. d4 Nf6 5. e5 Ng8 6. f4 d6 7. Qf3 Bb7 8. f5
dxe5 9. dxe5 e6 10. fxe6 fxe6 11. Nh3 g6 12. Ng5 Nh6 13. Nc3 Nf5 14. g4 Nd4 15.
Qf7# 1-0

[Event "Challenge"]
[Site "http://www.queenalice.com/game.php?id=1206454"]
[Date "2013.8.8"]
[Round "-"]
[White "chicobarretov"]
[Black "cardosorafael"]
[Result "0-1"]
[WhiteElo "1930"]
[BlackElo "1941"]

1. d4 Nf6 2. c4 e6 3. Nc3 Bb4 4. Bd2 O-O 5. e3 d5 6. a3 Be7 7. b3 Nbd7 8. Nf3
Re8 9. c5 c6 10. Be2 b6 11. b4 Bf8 12. Bd3 e5 13. e4 exd4 14. Nxd4 dxe4 15. Bc2
Ba6 16. Nxc6 Qc7 17. Nd4 bxc5 18. Nde2 cxb4 19. axb4 Bb7 20. O-O Bxb4 21. Na2
Bxd2 22. Qxd2 a5 23. Ng3 Qc6 24. f3 e3 25. Qd4 Qxc2 26. Nc3 Ba6 27. Nge2 Bxe2
0-1

[Event "OS INCLIVEIS"]
[Site "http://www.queenalice.com/game.php?id=1213838"]
[Date "2013.9.2"]
[Round "-"]
[White "adelio"]
[Black "chicobarretov"]
[Result "1-0"]
[WhiteElo "1759"]
[BlackElo "1914"]

1. b4 e6 2. b5 d5 3. Bb2 Nf6 4. Bxf6 Qxf6 5. d4 c6 6. e3 Bd7 7. a4 c5 8. Ra2
cxd4 9. exd4 Be7 10. c3 O-O 11. g3 a6 12. h4 Qf5 13. Bd3 Qf6 14. h5 axb5 15. f4
bxa4 16. Rah2 h6 17. Nf3 Bd6 18. Ne5 Bxe5 19. dxe5 Qe7 20. Bg6 f6 21. exf6 Qxf6
22. Qd3 Rc8 23. g4 Kf8 24. g5 Qd8 25. gxh6 gxh6 26. Qd4 Be8 27. Qh8+ Ke7 28.
Qxh6 Nd7 29. Qg5+ Kd6 30. Qg3 a3 31. f5+ Kc6 32. fxe6 Nc5 33. c4 Bxg6 34. hxg6
Nxe6 35. Rd2 d4 36. Qf3+ Kb6 37. Qb3+ Kc6 38. Qb5+ Kd6 39. Qd5+ Ke7 40. Rh7+ 1-0

[Event "Challenge"]
[Site "http://www.queenalice.com/game.php?id=1216771"]
[Date "2013.9.13"]
[Round "-"]
[White "cardosorafael"]
[Black "chicobarretov"]
[Result "1-0"]
[WhiteElo "1977"]
[BlackElo "1892"]

1. e4 e5 2. Nf3 Nc6 3. Bb5 a6 4. Ba4 Nf6 5. O-O Bc5 6. Re1 b5 7. Bb3 h6 8. c3 d6
9. h3 Ne7 10. d4 exd4 11. cxd4 Bb4 12. Bd2 Bxd2 13. Qxd2 O-O 14. Nc3 Bb7 15.
Rac1 Rc8 16. d5 Nd7 17. Bc2 Ne5 18. Nd4 f6 19. Ne6 Qd7 20. Nxf8 Rxf8 21. f4 Nc4
22. Qf2 Nc8 23. b3 N4b6 24. Qg3 g5 25. Ne2 Kf7 26. Nd4 Ne7 27. fxg5 Rg8 28. Qf3
hxg5 29. Rf1 Nbxd5 30. exd5 Nxd5 31. Be4 1-0

[Event "Challenge"]
[Site "http://www.queenalice.com/game.php?id=1234069"]
[Date "2013.11.21"]
[Round "-"]
[White "chicobarretov"]
[Black "cardosorafael"]
[Result "0-1"]
[WhiteElo "1651"]
[BlackElo "1871"]

1. e4 e5 2. Nf3 Nc6 3. Bb5 a6 4. Bxc6 dxc6 5. d4 exd4 6. Qxd4 Qxd4 7. Nxd4 Bd7
8. Bf4 O-O-O 9. O-O Bc5 10. c3 Nf6 11. Nd2 Rhe8 12. Rfe1 h6 13. Kf1 Bd6 14. Ne2
g5 15. Bxd6 cxd6 16. f3 Kc7 17. Ng3 b5 18. a4 bxa4 19. Rxa4 c5 20. Rxa6 Bb5+ 0-1

[Event "AUTO-ADV-3073"]
[Site "http://www.queenalice.com/game.php?id=1255402"]
[Date "2014.2.11"]
[Round "1"]
[White "chicobarretov"]
[Black "sadock8472"]
[Result "0-1"]
[WhiteElo "1644"]
[BlackElo "1810"]

1. e4 d6 2. d4 Nf6 3. Nc3 g6 4. Be2 Bg7 5. Bd2 e5 6. dxe5 dxe5 7. Be3 O-O 8. Nf3
Nc6 9. O-O Be6 10. a3 Qc8 11. Bd3 Rd8 12. Qe2 Nd4 13. Bxd4 exd4 14. Nb5 Nh5 15.
Qd2 a6 16. Nbxd4 Bxd4 17. Nxd4 Rxd4 18. Rfd1 Qd7 0-1

[Event "AUTO-ADV-3073"]
[Site "http://www.queenalice.com/game.php?id=1255403"]
[Date "2014.2.11"]
[Round "1"]
[White "sadock8472"]
[Black "chicobarretov"]
[Result "1-0"]
[WhiteElo "1799"]
[BlackElo "1662"]

1. e4 e5 2. Nf3 Nc6 3. Bb5 d6 4. d4 Bd7 5. Nc3 Nf6 6. Be3 a6 7. Bc4 Qe7 8. O-O
Na5 9. Nd5 Qd8 10. dxe5 Nxd5 11. Bxd5 Bg4 12. Bxf7+ Kd7 13. Qd5 Kc8 14. Qxa5
Bxf3 15. gxf3 1-0

[Event "AUTO-ADV-3073"]
[Site "http://www.queenalice.com/game.php?id=1255406"]
[Date "2014.2.11"]
[Round "1"]
[White "chicobarretov"]
[Black "marcomasao"]
[Result "0-1"]
[WhiteElo "1708"]
[BlackElo "1762"]

1. e4 e5 2. Nf3 Nc6 3. Bb5 Qe7 4. Bxc6 bxc6 5. Nc3 Bb7 6. O-O Nf6 7. d4 d6 8.
Bg5 h6 9. Bxf6 Qxf6 10. d5 O-O-O 11. Re1 g5 12. h3 h5 0-1

[Event "AUTO-ADV-3073"]
[Site "http://www.queenalice.com/game.php?id=1255407"]
[Date "2014.2.11"]
[Round "1"]
[White "marcomasao"]
[Black "chicobarretov"]
[Result "1-0"]
[WhiteElo "1776"]
[BlackElo "1694"]

1. e4 c5 2. Bc4 e5 3. Nf3 Nc6 4. d3 Be7 5. Nc3 Nf6 6. Bd2 d6 7. Qe2 Bg4 8. a3
Bxf3 9. Qxf3 Nd4 10. Qd1 Qd7 11. Be3 O-O 12. Qd2 a6 13. Bxd4 1-0